000 00325nam a2200145Ia 4500
100 _aKumar/Sushil
650 _aElectrical Engineering
942 _cBK
654 _aelectronics
245 _aText book of electronics
260 _bIndia Pub. House
_aDelhi
_c1980
082 _a621.38
300 _a182
546 _aENGLISH
999 _c22011
_d22011